00798nam a22002417a 450000500170000001000130001702000100003003500130004003700160005304000120006908200160008110000230009724500560012026000440017627000490022030000260026950000190029565000430031465000320035794200250038999900190041495201230043320170124110147.0 aA-826787 c00.00 aA-826787 bCen Lib/Ret aDPLbEN a658.15bPAN aPandey, I M933657 aEssentials of financial management /cby I M Pandey bVikas Publishing HouseaNew Delhic1995 a576 Masjid Road, JangpurabNew Delhie110014 axiii,486p. c20cm(Hb) aIncludes index aBusiness enterprises -- Finance915180 aFinancial management933658 2ddccENh658.15mPAN c132084d132084 00104070aLbLd2015-07-16eCen Lib/Retg0.00l0o658.15 PANpA-826787r2015-07-16 00:00:00t1v0.00w2015-07-16yEN